MARC details
| 000 -CABECERA |
| campo de control de longitud fija |
03154nam a22004094i 4500 |
| 001 - NÚMERO DE CONTROL |
| campo de control |
991061596585206706 |
| 003 - IDENTIFICADOR DEL NÚMERO DE CONTROL |
| campo de control |
ES-BaIT |
| 005 - FECHA Y HORA DE LA ÚLTIMA TRANSACCIÓN |
| campo de control |
20260121100521.0 |
| 008 - DATOS DE LONGITUD FIJA--INFORMACIÓN GENERAL |
| campo de control de longitud fija |
260121t20252025xxk 000 0 eng d |
| 020 ## - NÚMERO INTERNACIONAL ESTÁNDAR DEL LIBRO |
| Número Internacional Estándar del Libro |
1848429010 |
| Información calificativa |
(rústica) |
| 020 ## - NÚMERO INTERNACIONAL ESTÁNDAR DEL LIBRO |
| Número Internacional Estándar del Libro |
9781848429017 |
| Información calificativa |
(rústica) |
| 035 ## - NÚMERO DE CONTROL DEL SISTEMA |
| Número de control de sistema |
(OCoLC)1360304565 |
| 035 ## - NÚMERO DE CONTROL DEL SISTEMA |
| Número de control de sistema |
(OCoLC)on1360304565 |
| 040 ## - FUENTE DE LA CATALOGACIÓN |
| Centro catalogador/agencia de origen |
ES-BaIT |
| Lengua de catalogación |
cat |
| Normas de descripción |
rda |
| Centro/agencia transcriptor |
ES-BaIT |
| 080 ## - NÚMERO DE LA CLASIFICACIÓN DECIMAL UNIVERSAL |
| Número de la Clasificación Decimal Universal |
792.028 |
| 100 1# - ENTRADA PRINCIPAL--NOMBRE DE PERSONA |
| Nombre de persona |
Dieffenbacher, Joe |
| Término indicativo de función/relación |
autor |
| 9 (RLIN) |
168103 |
| 245 10 - MENCIÓN DE TÍTULO |
| Título |
Drama games : |
| Resto del título |
for clowning and physical comedy / |
| Mención de responsabilidad, etc. |
Joe Dieffenbacher ; foreword by John Wright. |
| 264 #1 - PRODUCCIÓN, PUBLICACIÓN, DISTRIBUCIÓN, FABRICACIÓN Y COPYRIGHT |
| Producción, publicación, distribución, fabricación y copyright |
London : |
| Nombre del de productor, editor, distribuidor, fabricante |
Nick Hern Books, |
| Fecha de producción, publicación, distribución, fabricación o copyright |
2025 |
| 264 #4 - PRODUCCIÓN, PUBLICACIÓN, DISTRIBUCIÓN, FABRICACIÓN Y COPYRIGHT |
| Fecha de producción, publicación, distribución, fabricación o copyright |
©2025 |
| 300 ## - DESCRIPCIÓN FÍSICA |
| Extensión |
xx, 207 pàgines ; |
| Dimensiones |
22 cm |
| 336 ## - TIPO DE CONTENIDO |
| Término de tipo de contenido |
text |
| Código de tipo de contenido |
txt |
| Fuente |
rdacontent |
| 337 ## - TIPO DE MEDIO |
| Nombre/término del tipo de medio |
sense mediació |
| Código del tipo de medio |
n |
| Fuente |
rdamedia |
| 338 ## - TIPO DE SOPORTE |
| Nombre/término del tipo de soporte |
volum |
| Código del tipo de soporte |
nc |
| Fuente |
rdacarrier |
| 490 1# - MENCIÓN DE SERIE |
| Mención de serie |
Drama games |
| 500 ## - NOTA GENERAL |
| Nota general |
Inclou índex |
| 520 ## - SUMARIO, ETC. |
| Sumario, etc. |
"This dip-in, flick-through, quick-fire resource book, part of the bestselling Drama Games series, offers 80 games and exercises to explore the fundamental concepts of clowning and physical comedy, encourage playfulness, curiosity and collaboration, and help develop performance material.These active and engaging games focus on a wide range of core skills, including:Building and strengthening connections through collaboration and ensemble workDeveloping physical and mental flexibilityUsing restrictions, problems and accidents to devise routines and scenesUsing props to reveal thoughts and emotions and deepen relationshipsThroughout, the focus is on how to develop a playful mind and body, listen to and observe the world around you, and improve your ability to express yourself physically.This essential book is invaluable for actors, improvisers, comedians, directors and teachers looking to explore the principles of clowning to enrich performance skills, generate original material or bring a fresh approach to scripted work.'There are eighty games in this book: eighty opportunities to capture a mood, provoke a response and excite creativity. They are a gift. I wish I'd had this book a couple of decades ago' John Wright, from his Foreword'The perfect companion for any director, this is the most imaginative and comprehensive book of theatre games I have seen' Cal McCrystal (comedy director for The Mighty Boosh, One Man, Two Guvnors and Paddington)Joe Dieffenbacher is a teacher, director, designer, author and actor known for his theatre, circus and cabaret performances under the name nakupelle. He has worked with companies and venues including Shakespeare's Globe, Disney and the Scottish National Opera, as well as co-creating sequences for the Closing Ceremonies of the London 2012 Olympics and Paralympics." |
| 650 #7 - PUNTO DE ACCESO ADICIONAL DE MATERIA--TÉRMINO DE MATERIA |
| Término de materia o nombre geográfico como elemento de entrada |
Direcció escènica |
| 9 (RLIN) |
56669 |
| 650 #0 - PUNTO DE ACCESO ADICIONAL DE MATERIA--TÉRMINO DE MATERIA |
| Término de materia o nombre geográfico como elemento de entrada |
Interpretació |
| Subdivisión general |
Exercicis |
| 9 (RLIN) |
68194 |
| 650 #7 - PUNTO DE ACCESO ADICIONAL DE MATERIA--TÉRMINO DE MATERIA |
| Término de materia o nombre geográfico como elemento de entrada |
Moviment (Interpretació) |
| 9 (RLIN) |
57327 |
| 650 #0 - PUNTO DE ACCESO ADICIONAL DE MATERIA--TÉRMINO DE MATERIA |
| Término de materia o nombre geográfico como elemento de entrada |
Pallassos |
| Subdivisión general |
Formació |
| 9 (RLIN) |
85895 |
| 700 ## - ENTRADA AGREGADA--NOMBRE PERSONAL |
| Nombre de persona |
Wright, John, |
| Fechas asociadas al nombre |
1946 Gener 13- |
| Término indicativo de función/relación |
escriptor d'un pròleg |
| 9 (RLIN) |
143953 |
| 830 ## - PUNTO DE ACCESO ADICIONAL DE SERIE-TÍTULO UNIFORME |
| Título uniforme |
Drama games |
| 9 (RLIN) |
168104 |
| 856 44 - LOCALIZACIÓN Y ACCESO ELECTRÓNICOS |
| Especificación de materiales |
Sumari |
| Identificador Uniforme del Recurso |
<a href="https://www.nickhernbooks.co.uk/asset/10983?cmsAsset=1">https://www.nickhernbooks.co.uk/asset/10983?cmsAsset=1</a> |
| 908 ## - COLOCAR PARÁMETRO DE COMANDO (RLIN) |
| Colocar parámetro de comando |
CDMAE |
| 940 ## - EQUIVALENCIA O REFERENCIA-CRUZADA--TÍTULO UNIFORME [OBSOLETO] [solamente CAN/MARC] |
| Título uniforme |
<a href="OCLC">OCLC</a> |
| 942 ## - ELEMENTOS DE ENTRADA AGREGADA (KOHA) |
| Fuente del sistema de clasificación o colocación |
Clasificación decimal universal |
| Tipo de ítem Koha |
Llibre |